| 000 | 00614nam a2200253Ia 4500 | ||
|---|---|---|---|
| 008 | 181129s9999 xx 000 0 und d | ||
| 020 | _a9780545117791 | ||
| 050 | _bW686 2008 | ||
| 100 | _aWilkinson, Carole | ||
| 245 | 0 | _aGarden of the purple dragon / | |
| 245 | 0 | _cby Carole Wilkinson. | |
| 260 | _aNew York, NY : | ||
| 260 | _bScholastic, | ||
| 260 | _c2008 | ||
| 300 | _a354 pages : | ||
| 300 | _billustrations ; | ||
| 300 | _c19cm. | ||
| 650 | _aChild slaves. | ||
| 650 | _aChina. | ||
| 650 | _aDragons. | ||
| 650 | _aFate and fatalism. | ||
| 650 | _aSelf confidence. | ||
| 700 | _aTitle. | ||
| 999 |
_c360319 _d360319 |
||